[Event "Madrid-ch Previa A"]
[Site "Madrid"]
[Date "2023.02.13"]
[Round "4.2"]
[White "Esteban Amo, Jose M"]
[Black "Ruiz Bellon, Manuel"]
[Result "0-1"]
[WhiteElo "1788"]
[BlackElo "1950"]
[PlyCount "138"]
[EventDate "2023.02.06"]
[EventType "swiss"]
[EventRounds "9"]
[EventCountry "ESP"]
[SourceTitle "EXT 2024"]
[Source "ChessBase"]
[SourceDate "2023.10.10"]
[SourceVersion "1"]
[SourceVersionDate "2023.10.10"]
[SourceQuality "1"]

1. d4 d6 2. Nc3 c6 3. e4 Qa5 4. Nf3 Bg4 5. Be2 e5 6. 0-0 Nf6 7. a3 Be7 8. Be3 Nbd7 9. Nd2 Bxe2 10. Qxe2 0-0 11. Rad1 Rfe8 12. f4 Rad8 13. Nc4 Qc7 14. dxe5 dxe5 15. fxe5 Nxe5 16. Bf4 Bc5+ 17. Kh1 Rxd1 18. Nxd1 Nfd7 19. b4 Bd6 20. Nxd6 Qxd6 21. Ne3 Qe6 22. Bxe5 Qxe5 23. Qf3 f6 24. Nf5 g6 25. Ng3 Kg7 26. Qd3 Nb6 27. Rd1 h5 28. Re1 Re7 29. Nf1 Rd7 30. Qf3 Nc4 31. Ne3 Nd2 32. Qh3 Re7 33. Kg1 Qd4 34. c3 Qb6 35. Kh1 Nxe4 36. Qf3 f5 37. h3 Qc7 38. c4 Qg3 39. Qxg3 Nxg3+ 40. Kg1 Kf6 41. Kf2 Ne4+ 42. Kg1 Nd2 43. Kf2 f4 44. Nc2 Rxe1 45. Kxe1 Nxc4 46. Ke2 Ke5 47. Kf3 g5 48. a4 Nb2 49. a5 Nc4 50. Ne1 b6 51. axb6 axb6 52. Nc2 Nd2+ 53. Ke2 Nb3 54. Ne1 Nd4+ 55. Kd3 g4 56. hxg4 hxg4 57. Kc4 Ke4 58. Nd3 b5+ 59. Kc3 g3 60. Nxf4 Ke3 61. Nh3 Ne2+ 62. Kc2 Nf4 63. Nxf4 Kxf4 64. Kd3 Ke5 65. Ke3 Kd5 66. Kd3 c5 67. bxc5 Kxc5 68. Kc3 b4+ 69. Kb3 Kd4 0-1

[Event "Madrid-ch Previa A"]
[Site "Madrid"]
[Date "2023.02.08"]
[Round "3.5"]
[White "Esteban Amo, Jose M"]
[Black "Marin Aso, Jose Luis"]
[Result "1-0"]
[WhiteElo "1788"]
[BlackElo "1865"]
[PlyCount "112"]
[EventDate "2023.02.06"]
[EventType "swiss"]
[EventRounds "9"]
[EventCountry "ESP"]
[SourceTitle "EXT 2024"]
[Source "ChessBase"]
[SourceDate "2023.10.10"]
[SourceVersion "1"]
[SourceVersionDate "2023.10.10"]
[SourceQuality "1"]

1. d4 Nf6 2. Nc3 d5 3. Bf4 a6 4. e3 e6 5. Nf3 c5 6. Be2 Nc6 7. 0-0 Bd6 8. Bxd6 Qxd6 9. dxc5 Qxc5 10. Nd4 e5 11. Nb3 Qd6 12. Qd2 Be6 13. Rad1 Rd8 14. f4 g6 15. Qe1 Qe7 16. Qg3 Bf5 17. fxe5 Qxe5 18. Qxe5+ Nxe5 19. Nd4 Ke7 20. Nxf5+ gxf5 21. Rxf5 Ke6 22. Rdf1 Nfd7 23. Bh5 f6 24. Ne2 Rhg8 25. Nd4+ Kd6 26. Be2 Rg6 27. Rh5 Rdg8 28. g3 Nf8 29. Nf5+ Ke6 30. Nd4+ Kd6 31. Rd1 Rg5 32. Rxg5 fxg5 33. Nf3 g4 34. Nxe5 Kxe5 35. Rd4 h5 36. c4 dxc4 37. Bxc4 Rh8 38. Rd8 Ng6 39. Rxh8 Nxh8 40. Kf2 Kf6 41. Bd5 b6 42. e4 Ng6 43. Ke3 Ne5 44. b3 Kg5 45. Bb7 a5 46. Bd5 Kf6 47. Bc4 Kg5 48. Be2 Nc6 49. Bd3 Ne5 50. Bb5 Kf6 51. Be8 Kg5 52. a3 h4 53. Bb5 Nf3 54. gxh4+ Kxh4 55. Kf4 Nxh2 56. e5 Nf3 1-0

[Event "Madrid-ch sf"]
[Site "Madrid"]
[Date "2022.05.04"]
[Round "1"]
[White "Rey Martinez, Jaime"]
[Black "Esteban Amo, Jose M"]
[Result "1-0"]
[WhiteElo "2055"]
[BlackElo "1856"]
[PlyCount "109"]
[EventDate "2022.05.04"]
[EventType "swiss"]
[EventRounds "9"]
[EventCountry "ESP"]
[SourceTitle "EXT 2023"]
[Source "ChessBase"]
[SourceDate "2022.10.05"]
[SourceVersion "1"]
[SourceVersionDate "2022.10.05"]
[SourceQuality "1"]

1. e4 c5 2. Nf3 g6 3. c3 d5 4. e5 Bg7 5. d4 Nc6 6. h3 e6 7. Bb5 Qb6 8. Bxc6+ bxc6 9. 0-0 cxd4 10. cxd4 Ba6 11. Re1 Ne7 12. Nc3 0-0 13. Bg5 Rfe8 14. Na4 Qa5 15. Nc5 Bc8 16. Qc1 Rb8 17. Bf6 Qb6 18. Qf4 Qc7 19. b3 h6 20. Bxg7 Kxg7 21. Qf6+ Kf8 22. Nh4 Kg8 23. g4 Rf8 24. Ng2 Kh7 25. Rac1 Ng8 26. Qf4 Qe7 27. Re3 Qg5 28. Qg3 Rb4 29. f4 Qd8 30. Rd3 Ne7 31. Qf2 Rb6 32. Ne3 Ba6 33. Rdc3 Bc8 34. Qc2 Kg7 35. Qd2 Bd7 36. a3 Kh7 37. b4 Kg7 38. Kh2 Qc7 39. Ng2 Qd8 40. Qf2 Ng8 41. f5 exf5 42. Nxd7 Qxd7 43. gxf5 Qxf5 44. Qxf5 gxf5 45. Rxc6 Rfb8 46. Rc7 Ra6 47. R1c3 Kf8 48. Ne3 Ne7 49. Rd7 Rb5 50. Rcc7 Re6 51. Ng2 Rbb6 52. Nf4 a5 53. Nxe6+ Rxe6 54. bxa5 Ke8 55. Rxe7+ 1-0

[Event "Madrid-ch Seniors 50"]
[Site "Madrid"]
[Date "2022.04.06"]
[Round "8"]
[White "Fiz Criado, Fidel"]
[Black "Esteban Amo, Jose M"]
[Result "0-1"]
[WhiteElo "1861"]
[BlackElo "1874"]
[PlyCount "102"]
[EventDate "2022.03.28"]
[EventType "swiss"]
[EventRounds "9"]
[EventCountry "ESP"]
[SourceTitle "EXT 2023"]
[Source "ChessBase"]
[SourceDate "2022.10.05"]
[SourceVersion "1"]
[SourceVersionDate "2022.10.05"]
[SourceQuality "1"]

1. e4 c5 2. d4 cxd4 3. c3 d3 4. Bxd3 Nc6 5. Nf3 g6 6. Nbd2 Bg7 7. 0-0 d6 8. Nc4 Nf6 9. e5 dxe5 10. Ncxe5 Nxe5 11. Nxe5 0-0 12. Qe2 Be6 13. f4 Ng4 14. Nf3 Qb6+ 15. Kh1 Rad8 16. Ng5 Rxd3 17. Nxe6 fxe6 18. Qxg4 Rfd8 19. h3 Qd6 20. Re1 Rd1 21. Be3 Rxa1 22. Rxa1 a6 23. Re1 Kf7 24. h4 Qd5 25. a3 Bf6 26. Bf2 h5 27. Qe2 Rd6 28. Kg1 Qd2 29. Bg3 Qxe2 30. Rxe2 Rd5 31. Kf2 Bg7 32. Ke1 Kf6 33. Bf2 Kf5 34. g3 e5 35. Be3 exf4 36. gxf4 Bf6 37. Rh2 Rd3 38. Ke2 Ke4 39. Bc1 Rg3 40. Kf1 Rg4 41. Re2+ Kf5 42. c4 Rxh4 43. Kg2 e5 44. fxe5 Bxe5 45. b3 Rh2+ 46. Kf3 Rxe2 47. Kxe2 g5 48. Kf3 g4+ 49. Kg2 h4 50. Be3 h3+ 51. Kh1 Ke4 0-1

[Event "Madrid-ch Seniors 50"]
[Site "Madrid"]
[Date "2022.04.04"]
[Round "6"]
[White "Jimenez Gonzalez, Marcos"]
[Black "Esteban Amo, Jose M"]
[Result "1/2-1/2"]
[WhiteElo "1761"]
[BlackElo "1874"]
[PlyCount "48"]
[EventDate "2022.03.28"]
[EventType "swiss"]
[EventRounds "9"]
[EventCountry "ESP"]
[SourceTitle "EXT 2023"]
[Source "ChessBase"]
[SourceDate "2022.10.05"]
[SourceVersion "1"]
[SourceVersionDate "2022.10.05"]
[SourceQuality "1"]

1. c4 f5 2. g3 Nf6 3. Bg2 d6 4. Nc3 e5 5. d4 exd4 6. Qxd4 Nc6 7. Qd1 Be7 8. Nf3 h6 9. b3 0-0 10. 0-0 Bd7 11. Bb2 Rb8 12. Rc1 Ne5 13. Nd5 Nxf3+ 14. exf3 Bc6 15. Nxe7+ Qxe7 16. Re1 Qf7 17. Qd2 b6 18. Re2 Rbe8 19. Rce1 Rxe2 20. Rxe2 Re8 21. Rxe8+ Nxe8 22. f4 Bxg2 23. Kxg2 Qe6 24. f3 Nf6 1/2-1/2

[Event "Madrid-ch Previa-A"]
[Site "Madrid"]
[Date "2022.03.23"]
[Round "9"]
[White "De Dompablo Fantova, Juan"]
[Black "Esteban Amo, Jose M"]
[Result "0-1"]
[WhiteElo "1670"]
[BlackElo "1874"]
[PlyCount "92"]
[EventDate "2022.03.07"]
[EventType "swiss"]
[EventRounds "9"]
[EventCountry "ESP"]
[SourceTitle "EXT 2023"]
[Source "ChessBase"]
[SourceDate "2022.10.05"]
[SourceVersion "1"]
[SourceVersionDate "2022.10.05"]
[SourceQuality "1"]

1. e4 c5 2. Nc3 g6 3. f4 Bg7 4. Nf3 Nc6 5. Bb5 Nd4 6. Bc4 d6 7. Nxd4 Bxd4 8. Ne2 Bg7 9. 0-0 Nf6 10. d3 0-0 11. f5 d5 12. exd5 Nxd5 13. Ng3 e6 14. fxg6 hxg6 15. Ne4 Bd4+ 16. Kh1 Ne3 17. Bxe3 Bxe3 18. Qf3 Bd4 19. c3 Bg7 20. Nxc5 Qc7 21. Ne4 Bd7 22. Nf6+ Bxf6 23. Qxf6 Qd8 24. Qe5 Qh4 25. Rf3 Qh8 26. Qg5 Bc6 27. Rh3 Qxh3 28. Rf1 Qxg2+ 29. Qxg2 Bxg2+ 30. Kxg2 Kg7 31. d4 Rad8 32. a4 b6 33. b4 Rc8 34. Ba6 Rxc3 35. Bb7 Rc4 36. d5 exd5 37. Bxd5 Rxb4 38. Bc6 Rc8 39. Bb5 Rc2+ 40. Kf3 Rc3+ 41. Ke2 Rb2+ 42. Kd1 Rb1+ 43. Kd2 Rxf1 44. Kxc3 Rh1 45. Kd4 Rxh2 46. Kd5 Rc2 0-1

[Event "Madrid-ch Previa-A"]
[Site "Madrid"]
[Date "2022.03.22"]
[Round "8"]
[White "Esteban Amo, Jose M"]
[Black "Balsera Gomez, Antonio"]
[Result "1-0"]
[WhiteElo "1874"]
[BlackElo "1414"]
[PlyCount "167"]
[EventDate "2022.03.07"]
[EventType "swiss"]
[EventRounds "9"]
[EventCountry "ESP"]
[SourceTitle "EXT 2023"]
[Source "ChessBase"]
[SourceDate "2022.10.05"]
[SourceVersion "1"]
[SourceVersionDate "2022.10.05"]
[SourceQuality "1"]

1. d4 Nf6 2. Nf3 e6 3. Bg5 h6 4. Bh4 Be7 5. Nbd2 d5 6. e3 0-0 7. Bd3 Nbd7 8. 0-0 b6 9. Qe2 Bb7 10. a4 c5 11. c3 Ne4 12. Bxe7 Qxe7 13. a5 Nxd2 14. Nxd2 c4 15. Bc2 e5 16. Rfe1 e4 17. f3 f5 18. a6 Bc6 19. fxe4 fxe4 20. Nxe4 Rae8 21. Ng3 Qg5 22. e4 dxe4 23. Bxe4 b5 24. Qc2 Bxe4 25. Rxe4 Nf6 26. Rxe8 Rxe8 27. Rf1 Ng4 28. Nf5 Ne3 29. Nxe3 Qxe3+ 30. Qf2 Qxf2+ 31. Kxf2 Re6 32. Re1 Rxa6 33. Re5 Rb6 34. Ke3 Kf7 35. d5 b4 36. Kd4 bxc3 37. bxc3 Kf6 38. Re2 a5 39. Kxc4 a4 40. Kc5 Rb3 41. Kc4 Rb8 42. Ra2 Ke5 43. Rxa4 Rc8+ 44. Kd3 Kxd5 45. Ra7 Rg8 46. c4+ Kc5 47. Kc3 g5 48. Ra5+ Kb6 49. Kb4 Rf8 50. Re5 Rf6 51. g3 Kc6 52. Ra5 Kb6 53. c5+ Kb7 54. Ra2 Re6 55. Kb5 Re1 56. Rf2 Rb1+ 57. Kc4 Rc1+ 58. Kd5 Rd1+ 59. Ke4 Kc6 60. Rf6+ Kxc5 61. Rxh6 Rf1 62. Rh5 Kd6 63. Rxg5 Ke6 64. h4 Kf6 65. Ra5 Kg6 66. g4 Rf2 67. Ra6+ Kg7 68. h5 Rb2 69. Kf4 Rb4+ 70. Kg5 Rb5+ 71. Kh4 Rb4 72. Ra5 Kh6 73. Rf5 Kg7 74. Kg5 Rb6 75. Ra5 Kh7 76. Ra7+ Kg8 77. h6 Rb5+ 78. Kg6 Rb6+ 79. Kh5 Rb5+ 80. g5 Rc5 81. Ra6 Kh7 82. Ra7+ Kh8 83. Rf7 Rc1 84. Rf8+ 1-0

[Event "Madrid-ch Previa-A"]
[Site "Madrid"]
[Date "2022.03.09"]
[Round "3"]
[White "De Fuenmayor Fernandez, Carlos Pablo"]
[Black "Esteban Amo, Jose M"]
[Result "0-1"]
[WhiteElo "1432"]
[BlackElo "1874"]
[PlyCount "180"]
[EventDate "2022.03.07"]
[EventType "swiss"]
[EventRounds "9"]
[EventCountry "ESP"]
[SourceTitle "EXT 2023"]
[Source "ChessBase"]
[SourceDate "2022.10.05"]
[SourceVersion "1"]
[SourceVersionDate "2022.10.05"]
[SourceQuality "1"]

1. c4 f5 2. Nc3 Nf6 3. g3 d6 4. Bg2 g6 5. d4 Bg7 6. Nf3 0-0 7. 0-0 Qe8 8. Re1 e5 9. d5 a5 10. Nb5 Na6 11. Bd2 b6 12. h4 Bd7 13. Nc3 Nc5 14. Ng5 Rc8 15. e4 fxe4 16. Ngxe4 Ncxe4 17. Nxe4 Nxe4 18. Bxe4 Qf7 19. Be3 Bf5 20. Qd3 Bxe4 21. Qxe4 Qf5 22. Qxf5 gxf5 23. Rad1 Rce8 24. Kf1 Kf7 25. b3 Kg6 26. f4 Kh5 27. fxe5 Bxe5 28. Kg2 Rg8 29. Bf2 f4 30. Rd3 Rg4 31. Rh1 fxg3 32. Bxg3 Bxg3 33. Rxg3 Re2+ 34. Kf3 Rxg3+ 35. Kxg3 Rxa2 36. Rf1 Ra3 37. Rf7 Rxb3+ 38. Kf4 a4 39. Rxh7+ Kg6 40. Rxc7 a3 41. Ra7 Rc3 42. Ra4 a2 43. Rxa2 Rxc4+ 44. Kg3 Rc5 45. Rd2 b5 46. Rd4 Kf5 47. h5 Rc3+ 48. Kf2 Rh3 49. Rb4 Rxh5 50. Rxb5 Rh3 51. Ke2 Ke4 52. Kd2 Kd4 53. Kc2 Kc4 54. Ra5 Rh2+ 55. Kd1 Rg2 56. Ke1 Rb2 57. Kd1 Rh2 58. Ke1 Kb3 59. Kf1 Rh5 60. Kf2 Re5 61. Kf1 Kc4 62. Kf2 Rxd5 63. Ra3 Rd3 64. Ra4+ Kc5 65. Ke2 Rh3 66. Ra5+ Kd4 67. Ra4+ Ke5 68. Ra8 d5 69. Re8+ Kd4 70. Kf2 Ra3 71. Kg2 Kd3 72. Rf8 Ra2+ 73. Kf3 d4 74. Rd8 Ra1 75. Kf2 Rh1 76. Kg2 Re1 77. Kf2 Re7 78. Rd6 Kc3 79. Rc6+ Kd2 80. Rd6 Rf7+ 81. Kg3 d3 82. Kg4 Ke2 83. Re6+ Kd1 84. Rd6 d2 85. Kg5 Rf1 86. Kg4 Kc2 87. Rc6+ Kb3 88. Rb6+ Kc4 89. Rc6+ Kb5 90. Re6 d1Q+ 0-1

[Event "Madrid-ch Previa-A"]
[Site "Madrid"]
[Date "2019.02.20"]
[Round "9"]
[White "Marcos Herrero, Francisco"]
[Black "Esteban Amo, Jose M"]
[Result "1/2-1/2"]
[WhiteElo "1837"]
[BlackElo "1918"]
[PlyCount "104"]
[EventDate "2019.02.04"]
[EventType "swiss"]
[EventRounds "9"]
[EventCountry "ESP"]
[SourceTitle "EXT 2021"]
[Source "ChessBase"]
[SourceDate "2020.10.23"]
[SourceVersion "1"]
[SourceVersionDate "2020.10.23"]
[SourceQuality "1"]

1. c4 f5 2. g3 Nf6 3. Bg2 g6 4. b3 Bg7 5. Bb2 d6 6. d4 0-0 7. Nf3 c6 8. 0-0 Qc7 9. Nc3 e5 10. Qc2 e4 11. Ng5 Na6 12. Rad1 Nb4 13. Qc1 a5 14. a3 Na6 15. e3 Bd7 16. Qc2 Rfe8 17. Rd2 h6 18. Nh3 g5 19. Rfd1 Rad8 20. Bf1 Nb8 21. Kh1 b6 22. Qb1 Re7 23. Qa1 Rf8 24. b4 axb4 25. axb4 Qc8 26. c5 bxc5 27. dxc5 dxc5 28. bxc5 f4 29. Ng1 fxe3 30. fxe3 Ng4 31. Rd6 Nf2+ 32. Kg2 Nxd1 33. Nxd1 Be6 34. Bxg7 Rxg7 35. Nb2 Bd5 36. Rxh6 Qf5 37. Bc4 Rh7 38. Rxh7 Kxh7 39. Bxd5 cxd5 40. Na4 Nc6 41. Qd1 Kg6 42. Nc3 Rd8 43. Nb5 Qe5 44. Nd4 Nxd4 45. Qxd4 Qxd4 46. exd4 Kf6 47. Kf2 Ra8 48. h3 Ra3 49. Ne2 Rf3+ 50. Kg2 Ra3 51. Kf2 Rf3+ 52. Kg2 Ra3 1/2-1/2

[Event "Madrid-ch Previa-A"]
[Site "Madrid"]
[Date "2019.02.18"]
[Round "7"]
[White "Valencia de Loma, Sergio"]
[Black "Esteban Amo, Jose M"]
[Result "1/2-1/2"]
[WhiteElo "1757"]
[BlackElo "1918"]
[PlyCount "78"]
[EventDate "2019.02.04"]
[EventType "swiss"]
[EventRounds "9"]
[EventCountry "ESP"]
[SourceTitle "EXT 2021"]
[Source "ChessBase"]
[SourceDate "2020.10.23"]
[SourceVersion "1"]
[SourceVersionDate "2020.10.23"]
[SourceQuality "1"]

1. e4 c5 2. d4 cxd4 3. c3 d3 4. Bxd3 Nc6 5. Nf3 d6 6. h3 g6 7. Be3 Bg7 8. Qd2 Nf6 9. Na3 a6 10. Nc2 0-0 11. Nh2 d5 12. Ng4 dxe4 13. Nxf6+ Bxf6 14. Bxe4 Qxd2+ 15. Bxd2 Bd7 16. 0-0-0 Rfd8 17. h4 Be6 18. Bxc6 bxc6 19. b3 a5 20. c4 a4 21. Bg5 Bxg5+ 22. hxg5 Rdb8 23. Rh6 Kg7 24. Rdh1 Rh8 25. Nd4 Bd7 26. Kb2 axb3 27. axb3 c5 28. Nc2 Rab8 29. Kc3 f6 30. f4 fxg5 31. fxg5 Bf5 32. Ne3 e6 33. Nxf5+ exf5 34. Rd1 Rhd8 35. Ra1 Rb7 36. Rah1 Kg8 37. Re1 Rdb8 38. Rb1 Re8 39. Rd1 Rbb8 1/2-1/2

[Event "Madrid-ch Seniors 50"]
[Site "Madrid"]
[Date "2019.01.11"]
[Round "5"]
[White "Garcia Galeote, Lorenzo"]
[Black "Esteban Amo, Jose M"]
[Result "0-1"]
[WhiteElo "1895"]
[BlackElo "1888"]
[PlyCount "82"]
[EventDate "2019.01.07"]
[EventType "swiss"]
[EventRounds "9"]
[EventCountry "ESP"]
[SourceTitle "CBM 188 Extra"]
[Source "ChessBase"]
[SourceDate "2019.02.26"]
[SourceVersion "1"]
[SourceVersionDate "2019.02.26"]
[SourceQuality "1"]

1. d4 f5 2. Nf3 Nf6 3. h3 d6 4. Bf4 g6 5. Nc3 Bg7 6. Qd2 0-0 7. Bh6 c5 8. Bxg7 Kxg7 9. 0-0-0 cxd4 10. Qxd4 Nc6 11. Qh4 Qb6 12. Nd5 Nxd5 13. Rxd5 Be6 14. e4 Bxd5 15. exd5 Qb4 16. dxc6 Qxh4 17. Nxh4 bxc6 18. f4 e5 19. fxe5 dxe5 20. Nf3 Kf6 21. Ba6 Rad8 22. Rd1 g5 23. b4 h5 24. c3 g4 25. hxg4 hxg4 26. Nd2 Rh8 27. Bb7 e4 28. Nc4 Rxd1+ 29. Kxd1 Rh2 30. Ne3 Kg5 31. Bxc6 f4 32. Bxe4 fxe3 33. Ke2 Kf4 34. Bd5 g3 35. c4 Rh1 36. c5 Rb1 37. Bf3 Rxb4 38. Kd3 Rb1 39. Kc2 Rb5 40. c6 e2 41. Kd2 Rb2+ 0-1

[Event "Madrid-ch Seniors 50"]
[Site "Madrid"]
[Date "2019.01.07"]
[Round "1"]
[White "Lopez Guitian, Juan J"]
[Black "Esteban Amo, Jose M"]
[Result "0-1"]
[WhiteElo "1577"]
[BlackElo "1888"]
[PlyCount "96"]
[EventDate "2019.01.07"]
[EventType "swiss"]
[EventRounds "9"]
[EventCountry "ESP"]
[SourceTitle "CBM 188 Extra"]
[Source "ChessBase"]
[SourceDate "2019.02.26"]
[SourceVersion "1"]
[SourceVersionDate "2019.02.26"]
[SourceQuality "1"]

1. e4 c5 2. Nf3 g6 3. c3 d5 4. Bb5+ Bd7 5. Qe2 dxe4 6. Bxd7+ Qxd7 7. Qxe4 Nf6 8. Qe2 Nc6 9. 0-0 Bg7 10. Re1 0-0 11. Na3 e6 12. Rb1 Rfd8 13. b3 Nd5 14. Nc4 Nf4 15. Qe3 Nd3 16. Rd1 Qd5 17. Nb2 Qf5 18. Nxd3 Rxd3 19. Nh4 Qd5 20. c4 Qd6 21. Qe2 Rd8 22. Nf3 Qf4 23. Ne1 R3d7 24. Nf3 Qf5 25. Bb2 Bxb2 26. Rxb2 Nd4 27. Nxd4 Rxd4 28. f3 Rd3 29. Kf1 Qf6 30. Rc2 Qd4 31. Qf2 Qd6 32. g3 b6 33. Qe2 a5 34. Ke1 h5 35. Qe4 f5 36. Qe2 e5 37. Rc3 e4 38. f4 Qd4 39. Rxd3 Qxd3 40. Qxd3 Rxd3 41. Rc1 h4 42. Rc3 Rxc3 43. dxc3 hxg3 44. hxg3 Kg7 45. a3 Kh6 46. a4 Kh5 47. b4 Kg4 48. Kf2 Kh3 0-1